Indicatifs téléphoniques par pays #2 - Statistiques

Statistiques générales
  • Ce quiz a été pris 14 fois
  • Le résultat moyen est 3 sur 12
Statistiques - réponses
Indicatifs téléphoniques Pays % Correct
+213 Algérie
85%
+44 Royaume-Uni
69%
+1 Canada
46%
+31 Pays-Bas
38%
+30 Grèce
31%
+966 Arabie saoudite
15%
+506 Costa Rica
15%
+355 Albanie
8%
+972 Israël
8%
+261 Madagascar
8%
+685 Samoa
8%
+239 Sao Tomé-et-Principe
8%
Aucun quiz correspondant
Distribution des résultats
% des personnes avec chaque résultat
Percentile par nombre de réponses
Votre historique - résultats
Vous n’avez pas pris ce quiz